000 00900pam a2200265 a 4500
999 _c3895
_d3895
003 ALUPE UNIVERSITY COLLEGE
005 20220218111942.0
008 850620s1985 nyua b 001 0 eng c
020 _a0443083371
040 _cALUPE UNIVERSITY COLLEGE
050 1 0 _aRC86.7
_b.I58 1985
060 _aW1 CL831AI v.7
_aWX 218 I645
245 0 0 _aInvasive procedures in critical care /
_cedited by Charles L. Sprung, Ake Grenvik.
260 _aNew York :
_bChurchill Livingstone,
_cc1985.
300 _axiv, 294 p. :
_bill. ;
_c24 cm.
440 0 _aClinics in critical care medicine ;
_v7
504 _aIncludes bibliographies and index.
650 0 _aCritical care medicine
_xTechnique.
650 2 _aCritical Care
_xmethods.
650 2 _aSurgery, Operative.
700 1 _aSprung, Charles L.
700 1 _aGrenvik, Ake.
906 _a7
_bcbc
_corignew
_d1
_eocip
_f19
_gy-gencatlg
942 _2lcc
_cBK